000 00718nam a2200145Ia 4500
008 100204s9999 xx 000 0 und d
082 _b24585
100 _aटिकेकर अरुण
245 _aशहर पुणे खंड 1 एका सांस्कृतिक संचिताचा मागोवा
260 _b"अशोक हरिहर गोळे, मुंबई"
_c2000
300 _a676
630 _aशहर पुणे खंड 1 एका सांस्कृतिक संचिताचा मागोवा
730 _aशहर पुणे खंड 1 एका सांस्कृतिक संचिताचा मागोवा
942 _cBOOK
999 _c469764
_d469761